| 000 | 01170cam a2200289 i 4500 | ||
|---|---|---|---|
| 003 | SA-RiAUC | ||
| 005 | 20250205074341.0 | ||
| 008 | 250115s1973 le f b 000 0 ara c | ||
| 040 |
_aJO-AmJU _bara _cSA-RiAUC _dSA-RiKAPL _erda |
||
| 043 | _aa-ku--- | ||
| 082 | 0 | 4 |
_a342.538 _qSA-RiAUC |
| 090 |
_a342.538 _bه د ا |
||
| 100 | 1 |
_aالهداوي، حسن _eمؤلف. |
|
| 245 | 1 | 2 |
_aالجنسية ومركز الأجانب وأحكامها في القانون الكويتي / _cحسن الهداوي. |
| 250 | _aالطبعة الأولى. | ||
| 264 | 1 |
_aالكويت : _bوكالة المطبوعات، _c1973 |
|
| 300 |
_a288 صفحة ؛ _c24 سم |
||
| 336 |
_aنص _btxt _2rdacontent _3كتاب |
||
| 337 |
_aبدون وسيط _bn _2rdamedia |
||
| 338 |
_aمجلد _bnc _2rdacarrier |
||
| 504 | _aيشتمل على إرجاعات ببليوجرافية. | ||
| 650 | 7 |
_aالأجانب _xوضع قانوني، قوانين، إلخ. _zالكويت _2aucsh |
|
| 650 | 7 |
_aالجنسية _xقوانين وتشريعات _zالكويت _2aucsh |
|
| 650 | 7 |
_aالمواطنة _zالكويت _2aucsh |
|
| 942 |
_2ddc _cBOOK _n0 |
||
| 949 |
_aSA-JeALM _d250115 _umohamedma123 _n1 |
||
| 999 |
_c5608 _d5608 |
||